Państwa na literę C - Statystyki

Ogólne statystyki
  • Ten quiz został rozwiązany 38 razy
  • Średni wynik to 6 z 7
Statystyki odpowiedzi
Hint Odpowiedź % Poprawnych
Stolicą jest Zagrzeb Chorwacja
97%
Stolicą jest Praga Czechy
97%
Graniczy z Koreą Północną Chiny
94%
Stolicą jest Nikozja Cypr
89%
Stolicą jest Podgorica Czarnogóra
89%
Stolicą jest Santiago Chile
86%
Graniczy z Libią Czad
86%
Nie znaleziono quizów pasujących do podanych kryteriów
Rozkład punktacji
Procent ludzi z każdym wynikiem
Percentyl według liczby udzielonych odpowiedzi
Twoja historia wyników
Nie rozwiązałeś tego quizu